000
00337nam a2200133Ia 4500
003
OSt
005
20230731110656.0
008
170524s9999 xx 000 0 und d
040
_c
IIMT UNIVERSITY
100
_a
Sharma radyashayam
245
0
_a
Hindi patrakarita swaroop aur aayam
260
_b
PANCHCULA: HARYANA SAHITYA
942
_2
ddc
_c
02
999
_c
8950
_d
8950